MARC

LEADER 00000nam0a2200000 4500
001 35134
005 20231101210300.0
035 |a (RuTPU)RU\TPU\book\35556 
035 |a BOOK00002208 
090 |a 35134 
100 |a 20011210d1984 km y0rusy50 ca 
101 0 |a rus 
102 |a RU 
105 |a y g 001zy 
200 1 |a Справочник по дозиметрии и радиационной гигиене  |f А. А. Моисеев, В. И. Иванов 
205 |a 3-е изд., перераб. и доп. 
210 |a Москва  |c Энергоатомиздат  |d 1984 
215 |a 292 с. 
451 1 |0 (RuTPU)RU\TPU\book\75261  |t Справочник по дозиметрии и радиационной гигиене  |f А. А. Моисеев, В. И. Иванов  |e 2-е изд., перераб. и доп.  |c Москва  |n Атомиздат  |d 1974  |p 335 с.  |a Моисеев, Алексей Алексеевич 
606 |a Защита от ионизирующих излучений  |x Медицина  |2 stltpush  |3 (RuTPU)RU\TPU\subj\39152  |9 59343 
606 |a Радиационная дозиметрия  |2 stltpush  |3 (RuTPU)RU\TPU\subj\22301  |9 47099 
610 1 |a радиационные приборы 
610 1 |a радиационные комплексы 
610 1 |a микродозиметрические величины 
610 1 |a радиационная гигиена 
610 1 |a коллективные дозы 
610 1 |a популяционные дозы 
610 1 |a радиоактивность 
610 1 |a справочники 
675 |a 614.876(035)  |v 3 
675 |a 539.16.08(035)  |v 3 
700 1 |a Моисеев  |b А. А.  |g Алексей Алексеевич 
701 1 |a Иванов  |b В. И.  |g Виктор Иванович 
801 0 |a RU  |b 63413507  |c 20011210  |g PSBO 
801 2 |a RU  |b 63413507  |c 20180312  |g PSBO 
900 |a Медицинские радиационные приборы и комплексы 
900 |a Микродозиметрия 
900 |a Медико-биологические основы радиационной безопасности 
900 |a Приборы медицинской интроскопии 
942 |c BK